000 00451nam a22001931a 4500
001 2375
003 OSt
005 20260204211809.0
008 040220s1998||||sp ||||||b||||||||||spa||
020 _a8480550562
050 _aR 591 A65z
082 _a591 A65z
245 _aAtlas de zoología: el mundo de los animales
264 _aEspaña : Cultural
300 _a112 p
500 _aIncluye indice
650 _a1.ZoologíaÌ
942 _2ddc
_cBK
999 _c2375
_d2375